000 01283nab a2200229 i 4500
001 768714001
003 CO-MdFUSB
005 20240607113039.0
008 240607t1980 ag ||||| |||| 00| 0 spa d
040 _bspa
_cCO-MdFUSB
_dCO-MdFUSB
041 _aspa
100 _aBreneman, Mervin,
_eautor
245 3 _aLa santidad de la vida en el Antiguo Testamento
_c/ Mervin Breneman
520 _aSomos conscientes del significado que tiene la perspectiva bíblica sobre el hombre. Hablar de valores humanos y de justicia será ineficaz si no se basa en principios bíblicos. Sin embargo, la perspectiva bíblica está presente en campos como la antropología, la sociología y la economía. Por otro lado, todas las decisiones éticas personales deben estar alineadas y guiadas por esta misma visión bíblica. En ausencia de esto, es esencial una relación de fe, confianza y compromiso con Dios.
630 0 7 _aBiblia.
_pAntiguo Testamento
650 7 _aHermenéutica bíblica
_97333
650 0 _aSantidad
_9393
650 7 _aAntropología bíblica
_96715
773 0 _069974
_982719
_dBuenos Aires
_oR2611
_tCerteza
_w(CO-MdFUSB)768714001
_gNúmero 76, (enero - marzo, 1980) páginas: 124 -125
_qpágina: 124
942 _cANA
945 _aCatherine Arias Álvarez - Practicante SENA
999 _c70094
_d70094